[Event "SWE-ch"]
[Site "Linkoping"]
[Date "2001.07.10"]
[Round "10"]
[White "Cramling, Pia"]
[Black "Couso, Luis"]
[Result "1-0"]
[WhiteElo "2496"]
[BlackElo "2324"]
[Annotator "Rabinovich,Al"]
[PlyCount "123"]
[EventDate "2001.06.30"]
[EventType "tourn"]
[EventRounds "13"]
[EventCountry "SWE"]
[EventCategory "8"]
[SourceTitle "CBM 085"]
[Source "ChessBase"]
[SourceDate "2001.11.13"]
[SourceVersion "1"]
[SourceVersionDate "2001.11.13"]
[SourceQuality "1"]

1. d4 {[%mdl 20788]} Nf6 2. Nf3 e6 3. c4 b6 4. g3 Ba6 5. Nbd2 Bb7 6. Bg2 d5 $6
{In my opinion quiet passive move.Black will have to face mostly positions
without real counterplay, backing off white tries to control over the center
or queenside play.6...c5 leaves the Bb7 open and gives black flexible game.} (
6... c5 7. e4 $5 {The sharpest continuation.} (7. O-O $6 {Doesn't promise
white much.} cxd4 8. Nxd4 Bxg2 9. Kxg2 Qc8 $5 10. Qb3 d6 $11 {0-1 Belunek,
V-Hracek,Z/Opava CZE 2000/The Week in Chess 291 (62)}) 7... cxd4 8. Nxd4 (8.
O-O $5 {[%cal Ge4e5]} d6 9. Nxd4 a6 (9... Nbd7 10. b3 a6 11. Bb2 Qc7 12. Qe2
Be7 13. f4 O-O $14 {[%cal Ga1c1] 0-1 Korobov,A-Psakhis,L/Ohrid MKD 2001/The
Week in Chess 344 (46)}) 10. Re1 Qc7 11. a4 Nc6 12. Nxc6 Bxc6 13. a5 $36 {
[%cal Gd2b3] 1-0 Izoria,Z-Gomez,P/Athens GRE 2001/The Week in Chess 354 (51)})
8... Bc5 9. N4b3 d6 10. O-O e5 11. Re1 O-O 12. Nf1 $14 {[%csl Rd5][%cal Gc1g5,
Gf1e3] 0-1 Ivanov,M-Baklan,V/Bischwiller FRA 2001/The Week in Chess 336 (53)})
7. O-O Be7 8. cxd5 (8. Qa4+ $5 c6 9. cxd5 exd5 10. Ne5 O-O 11. Ndf3 c5 12. Rd1
Qc8 13. Bf4 h6 14. Rac1 $14 {[%csl Ga4,Gc1,Gd1,Ge5,Gf4][%cal Gc1c8,Gd1d8,Gd4c5]
1-0 Van Wely,L-Grooten,H/SWZ-chI op 1992/TD (40)}) 8... exd5 9. Nb1 $6 (9. Qc2
$142 $5 O-O 10. Ne5 c5 11. dxc5 bxc5 12. Ndc4 Nc6 (12... Qc7 $142 13. Bf4 $1 g5
14. Bxg5 $5 dxc4 15. Bxb7 Qxb7 16. Bh6 Nbd7 (16... Rd8 17. Qf5 $18 {[%cal
Gf5g5]}) 17. Nxd7 Qxd7 18. Bxf8 Rxf8 19. Qxc4 $16) 13. Nxc6 Bxc6 14. Bg5 Nd7
15. Bxe7 Qxe7 16. Na5 Bb5 17. Bxd5 Rae8 18. Rfe1 Bxe2 19. Bc6 $18 {1-0
Groszpeter,A-Burger,K/New York 1988/CBM 08 (19)}) 9... O-O 10. Nc3 Bd6 (10...
Ne4 $5) (10... c5 $5 $11 {Transfering the game to well known positions which
could rise from usual Nc3 lines,where both black and white lost tempos on
Ba6-Bb7 and white on Nd2-Nb1-Nc3.}) 11. Bg5 Nbd7 (11... h6 12. Bxf6 Qxf6 13.
Qb3 Qe6 14. Nb5 c6 15. Nxd6 Qxd6 16. Rac1 Nd7 17. Rfd1 $14) 12. Nb5 Be7 13. Bf4
$14 Ne8 (13... c5 14. Rc1 Ne4 $132) 14. Qb3 c6 15. Nc3 Nc7 {[%cal Gc7e6] Black
is playing accurately and got a very solid position.But the problem is if
black wishes to get some active game he will have to play sooner or later c5.
And with this placement of pieces it will be hard.} 16. Rad1 Ne6 17. Bc1 Qc7
18. Rfe1 {[%cal Ge2e4]} Nf6 19. Ng5 $5 {White plan is to exchange the knights
and to play e4.} Nxg5 20. Bxg5 Rad8 (20... Rfe8 $142 {[%cal Ge8e4,Gg5f6,Ge7f6]}
) 21. Qc2 $14 {[%csl Ge4][%cal Ga2a3,Gb2b4,Gg5f6,Gc3d5] Now we can see that
white achieved some adge.Bb7 is still out of the game and white can start
pushing pawns on queenside and may be e4 sometime.} Qd7 22. a3 (22. e4 $5 h6 (
22... dxe4 23. Nxe4 Nd5 24. Bxe7 Nxe7 25. Ng5 Ng6 26. h4 $14) 23. Bxf6 Bxf6 24.
exd5 cxd5 25. Qb3 {[%cal Ga2a4] With a long range advantage for white.}) 22...
h6 23. Bxf6 Bxf6 24. b4 {This is exactly the position white was hoping to
reach.Black has no real plan while white intends to play b5,make a weakness on
d5 and at suitible time to push e4.} Qc8 $6 {Wrong direction.Black removes the
Q to a8-why not simple Rfe8?} 25. e3 {Releazing the R from defending d4P.} Rfe8
26. Qb3 g6 27. b5 Qa8 {[%cal Gc6c5]} (27... Qd7 $142) 28. bxc6 Bxc6 29. Rc1 Kg7
30. Re2 {[%cal Ge2c2]} h5 31. Rec2 $16 {White is much better.Black is waiting
for white plan without any real counterplay.} Re7 32. h4 $6 {Not nessasary
move yet.} (32. Ne4 $5 dxe4 33. Rxc6 $16) 32... Rd6 33. Qb4 Qd8 34. a4 (34. Nb5
Bxb5 35. Qxb5 Qd7 36. Qa6 $16) 34... g5 $5 {Black realyzes that he won't be
able to hold the Pd5 for a long time and he trully tries to exchange as many
pawns as possible for a coming opposite coloured ending.} 35. hxg5 Bxg5 36. Ne4
$6 (36. Nb5 $1 Bxb5 37. axb5 $16 {[%csl Gb5][%cal Gc2c8,Gc1c6]}) 36... dxe4 37.
Rxc6 Rxc6 38. Rxc6 Qd5 $1 39. Qb5 {White lost a big part of his advantage,he
tries to look for a winning chances in the ending.} (39. Rc2 $6 h4 40. gxh4
Bxh4 $132) 39... Qxb5 40. axb5 f5 41. Bh3 Rf7 42. Re6 h4 43. gxh4 (43. g4 $2 f4
$11) 43... Bxh4 {White is still clearly better in the ending: on the Qside
black's pawn advantage is not felt,so white is like a P up and in addition to
that black has 2 pawns on light squares,what makes his defence very difficult.}
44. Kf1 Rf6 45. Re7+ Kg6 46. Ke2 (46. Rxa7 $6 f4 $132) 46... Rf8 {[%cal Gf8c8,
Gc8c2]} 47. Re5 Rf7 {Passive again.} (47... Bg5 48. f3 exf3+ 49. Kxf3 Bd8 {
[%cal Gd8c7] Removing the B to better place.}) 48. f3 {Getting rid of the
weakness which didn't let white to activate the K.} exf3+ 49. Kxf3 Bd8 50. Bf1
$5 {[%cal Gf1d3]} Bc7 51. Rd5 Kf6 $1 {[%cal Gf6e6,Gf6e7] Very good move.} 52.
Bh3 (52. Bd3 Ke6 53. Bc4 Ke7 54. Rd7+ Kxd7 55. Bxf7 Ke7 56. Bg8 Bh2 $11 {
[%cal Gh2g1,Ge7f6]}) 52... Kg6 53. Kf2 Bh2 54. Kg2 Bc7 55. Kf3 Bh2 $2 {This
move already makes black position very bad.White R gets active and black is
loosing a pawn.} (55... Rf8 $5 56. Rd7 (56. Bf1 Rh8 $1 $132) 56... Bb8 $14 {
Black holds this position although his pieces placed not so well!?}) 56. Bf1 $1
Bg1 (56... Kf6 $5 57. Bd3 Ke6 58. Rd8 Kf6 59. Rh8 $1 Bd6 60. Rh5 Kg6 61. Rxf5 {
[%cal Gf3g4]}) 57. Bd3 $22 $18 {[%cal Gd5f5,Gf3g4] Black has no good move.} Kg5
(57... Bh2 58. Rxf5 Rxf5+ 59. Kg4 Bg1 60. Bxf5+ Kf6 61. Kf4 Bxe3+ (61... Bh2+
62. Ke4 Bg1 63. Bh3 Kg5 64. Kd3 Bf2 65. e4 Kf4 66. e5 Bg3 67. Kc4 Ke4 68. Bg2+
Kf5 69. Kd5 $18) 62. Kxe3 Kxf5 63. Kf3 $18) 58. Re5 $6 Bh2 59. Rd5 Bg1 60. e4
Kh4 $2 {Loosing immideatly.} (60... Bh2 $142 61. e5 {White still has very good
chances for a win,but black is yet out of chances and could make white live at
least not easy for a while.}) 61. e5 {[%csl Rg1,Rh4]} Bh2 (61... Rg7 62. Bxf5
Kg5 63. Ke4 $18) 62. Rd8 $1 {[%csl Rf5,Rh2,Rh4][%cal Gd8h8]} (62. Rd8 $1 {
[%cal Gd8h8]} Rh7 63. Rg8 $22 Rh6 (63... Rh5 64. Rg2 Kh3 65. Bf1 $18 {[%cal
Gg2g4]}) 64. Bxf5 $18 {[%csl Rh2][%cal Gg8g2]}) 1-0

[Event "Kiev Trudova Ukraina"]
[Site "Kiev"]
[Date "2001.01.20"]
[Round "2"]
[White "Sergeev, Vladimir"]
[Black "Kruppa, Yuri"]
[Result "1-0"]
[WhiteElo "2485"]
[BlackElo "2572"]
[Annotator "Rabinovich,Al"]
[PlyCount "111"]
[EventDate "2001.01.19"]
[EventType "tourn"]
[EventRounds "10"]
[EventCountry "UKR"]
[EventCategory "11"]
[SourceTitle "CBM 082"]
[Source "ChessBase"]
[SourceDate "2001.05.17"]
[SourceVersion "1"]
[SourceVersionDate "2001.05.17"]
[SourceQuality "1"]

1. d4 e6 2. c3 c5 3. Nf3 Nf6 4. Bg5 {[%cal Ge2e4]} Nc6 5. e3 (5. e4 $6 cxd4 6.
cxd4 (6. e5 dxc3 7. Nxc3 (7. exf6 cxb2 $19) 7... h6 {And white still has to
prove,that he has enouth compensation for the pawn.}) 6... Qb6 $15) 5... h6 6.
Bh4 d5 (6... cxd4 7. exd4 Be7 8. Nbd2 O-O 9. Bd3 Nd5 10. Bxe7 Qxe7 11. O-O b6
$11) 7. Nbd2 Bd6 (7... Be7 $5 8. Bd3 Nd7 9. Bg3 O-O 10. O-O Re8 11. a3 a5 {
[%csl Rb5]} (11... Bf6 $5 {[%cal Ge6e5] With" hidden" idea:to play e5.}) 12. e4
$6 {1-0 Tyomkin,D-Hauchard,A/Bastia 1998/CBM 67 ext (38)} (12. Bb5 $5 $14 {
[%cal Gd1e2,Ga1d1]})) 8. dxc5 Bxc5 9. Bd3 {White is now aiming to play e4 or
c4 and to use that fact that black B on c8 is yet in the game.} Be7 {[%cal
Gh4d8] Sooner or later black has to return the B due to the unpleasant pin.}
10. O-O O-O 11. c4 $5 {Exactly on time.While black is still solving his
opening problems,white opens up the center.} d4 (11... e5 12. Bxf6 Bxf6 13.
cxd5 Qxd5 14. Ne4 Qe6 (14... Be7 $4 15. Nf6+ {[%cal Gf6g8,Gf6d5]} Bxf6 16. Bh7+
{[%cal Gd1d5]}) 15. Qe2 Be7 16. Rfd1 $32 {[%cal Ga1c1]}) 12. exd4 (12. e4 e5
13. a3 a5 $11 {[%cal Gf6d7,Gd7c5]}) 12... Nxd4 13. Bg3 (13. Nb3 Nf5 14. Bxf5
exf5 $44 {[%csl Gc8,Ge7][%cal Gf6e4]}) 13... Nh5 14. Nb3 (14. Be5 Nc6 $11)
14... Nxg3 15. hxg3 Nc6 $1 {Very nice move.The white N on f3 and on b3 don't
have too many good squares.} 16. Qe2 Qc7 {Now black finally finishes
development of the B and equalizes the position.} 17. Rac1 Bd7 18. Rfd1 Rad8 $6
(18... Rfd8 $11 {[%cal Gd7e8,Ge7f6,Gc6e5]}) 19. g4 $5 {[%cal Ge2e3,Gg4g5]} Qf4
(19... e5 20. Bf5 Bxf5 21. gxf5 $14) 20. Qe4 Qxe4 21. Bxe4 $14 {White has
better position due to the space advantage and better placed pieces.} Nb4 22.
Na5 (22. a3 Bc6 $11) 22... Ba4 $6 (22... b6 23. Nb7 Ba4 24. Rxd8 Bxd8 25. b3
Bc6 26. Bxc6 Nxc6 $11) 23. Rxd8 Rxd8 24. b3 Bc6 25. Nxc6 Nxc6 26. Bxc6 bxc6 {
[%csl Ra7,Rc6] White got a clearly better ending.White's plan is built from
few chapters: 1.To bring the K to the center.2.To activate the N.R is already
placed well.3.To push pawns on the queenside.} 27. Kf1 f6 (27... Bf6 28. Ke2
Kf8 {[%cal Gf8e7] Probably was better for black to set up the pieces
diferently.}) 28. Ke2 Bc5 29. Ne1 $1 {[%cal Ge1d3] The N will be placed best
on d3.} Kf7 30. Nd3 Be7 31. f4 {[%mdl 4096] Preventing e5!} a5 32. Ke3 Rb8 33.
Kd4 Rd8+ 34. Kc3 Rd6 $6 {Black defends very passivly.It was nessasary to play
Ba3.After the move in the game,the B is out of the game for a while,what
allows white easily to push the pawns.} (34... Ba3 35. Rf1 Ke7 36. c5 $6 Rd5
37. Kc4 e5 38. fxe5 fxe5 $17 {[%csl Rc5][%cal Ge5e4]}) 35. c5 $1 Rd8 36. Kc4
Rd5 37. Re1 {Again preventing e5!} Bf8 $6 (37... g5 38. g3 gxf4 39. gxf4 h5 40.
gxh5 Rxh5 41. a3 $14) 38. a3 g6 39. b4 axb4 40. axb4 Bg7 {All this plan with
bringing the B to g7 in order to play e5 took too much time and now white
brings the R to the 7 rank.} 41. Ra1 f5 $6 (41... e5 $5 42. Ra7+ Kf8 {Was
leaving better chances for black to survive.}) 42. Ra7+ $16 Kf8 {[%tqu "En",
"White has better position,but is the next step?","","","d3e5","White plays
the ending very accuratly.The best time for this move.Black is forced to
exchange the light pieces,what gives white in the near future very gangerous
pawns on b4 and c5.",10]} 43. Ne5 $1 {Correct.White plays the ending very
accuratly.The best time for this move.Black is forced to exchange the light
pieces,what gives white in the near future very gangerous pawns on b4 and c5.}
Bxe5 44. fxe5 Rxe5 45. Rc7 Re4+ 46. Kb3 Rxg4 47. Rxc6 Ke7 48. b5 $18 {[%csl
Gb5,Gc5] Now black is lost: R+2P+active K,is defently enough for winning.} Rg3+
49. Ka4 Rxg2 50. Rc7+ {The rest is simple and doesn't need any explanation.}
Kd8 51. b6 Rb2 52. Ka5 e5 53. Rg7 Rc2 54. b7 Ra2+ 55. Kb5 Rb2+ 56. Kc4 {
[%cal Gc5c6]} 1-0

[Event "Linares Anibal op 08th"]
[Site "Linares"]
[Date "2001.01.09"]
[Round "2"]
[White "Fominyh, Alexander"]
[Black "Skripchenko, Almira"]
[Result "1-0"]
[WhiteElo "2582"]
[BlackElo "2450"]
[Annotator "Rabinovich,Al"]
[PlyCount "43"]
[EventDate "2001.01.08"]
[EventType "swiss"]
[EventRounds "11"]
[EventCountry "ESP"]
[SourceTitle "CBM 081"]
[Source "ChessBase"]
[SourceDate "2001.03.20"]
[SourceVersion "1"]
[SourceVersionDate "2001.03.20"]
[SourceQuality "1"]

1. d4 d5 (1... Nf6 2. Nf3 e6 3. g3 c5 4. Bg2 d5 5. c4 cxd4 6. Nxd4 e5 7. Nb3 d4
8. e3 d3 9. Nc3 Bb4 10. Bd2 Bg4 11. Bf3 Bxf3 12. Qxf3 Nc6 13. a3 Bxc3 14. Bxc3
O-O 15. Nd2 Qe7 16. O-O a5 17. Rad1 Qe6 18. e4 Rfd8 19. Kg2 a4 {1/2-1/2
Iljushin,A-Khmelnitski,A/Azov 1996/CBM 56 ext (19)}) 2. Nf3 e6 3. g3 c5 4. Bg2
(4. c4 dxc4 5. Qa4+ Nc6 6. dxc5 Bxc5 7. Bg2 Qa5+ 8. Qxa5 Nxa5 9. Nbd2 Ne7 10.
Ne4 Bb4+ 11. Bd2 Nec6 12. O-O Bxd2 13. Nfxd2 Ke7 14. Rfc1 Bd7 15. Nxc4 Nxc4 16.
Rxc4 Rac8 {1/2-1/2 Topalov,V-Rublevsky,S/Frankfurt GER 2000/The Week in Chess
294 (39) And black is fine.}) 4... cxd4 5. Nxd4 e5 (5... Nf6 {This line looks
more solid for black.According to Rublevsky results in this line,white doesn't
get much here.} 6. O-O e5 7. Nb3 Be6 (7... Be6 8. Nc3 (8. Bg5 Nbd7 9. e3 h6 10.
Bxf6 Nxf6 11. Qe2 Be7 12. Nc3 Qc8 13. Rad1 $5 $146 e4 14. Nd4 Bd7 15. f3 $36 {
1-0 Lputian,S-Rublevsky,S/New Delhi IND 2000/The Week in Chess 317 (26)}) 8...
Be7 9. Bg5 Nbd7 10. e4 dxe4 11. Bxf6 Nxf6 12. Nxe4 Qc7 13. Re1 O-O 14. Qe2 Nd7
15. Rad1 Rac8 16. c3 Rfd8 $15 {[%csl Ge6,Ge7][%cal Gf7f5,Ga7a5] 0-1 Romanishin,
O-Rublevsky,S/Istanbul TUR 2000/The Week in Chess 314 (40)})) 6. Nb3 Ne7 $6 {
Dubious idea,black is not ready for such moves yet.Better was to stick to
already checked line like 6...Nf6} (6... Nf6 {Theory.} 7. c4 (7. O-O Be6 8. Bg5
Nbd7 {With interesting game.}) 7... d4 8. O-O Nc6 9. Bg5 Be7 10. N1d2 O-O 11.
Rc1 a5 12. Bxf6 Bxf6 13. Nc5 Bg5 14. Nce4 Bh6 15. c5 $13) 7. O-O Nbc6 8. e4
dxe4 (8... d4 9. f4 $16) 9. Qxd8+ Kxd8 $6 (9... Nxd8 $142 10. Bxe4 g6 $14 {
[%cal Gf8g7,Ge8g8]}) 10. Bxe4 Bf5 11. Nc3 $16 {It will be very difficult for
black to finish the development.White has already big advantage.} Bxe4 12. Nxe4
$32 {[%csl Rd8][%cal Gf2f4]} Nf5 (12... Kc7 13. Ng5 f5 14. Ne6+ Kc8 (14... Kd6
15. Nbc5 $16 {[%cal Gf1d1]} Nd4 16. Rd1 Kc6 17. Nxd4+ Kxc5 (17... exd4 18. Ne6
$18) 18. Ne6+ Kc6 19. Nd8+ Kc7 20. Nf7 Rg8 21. Nxe5 $18) 15. Rd1 h6 {[%csl Rg5]
} 16. Be3 $16 {[%cal Gd1d2,Ga1d1]}) 13. f4 $40 {Using the fact that black K is
in the center white openes as many lines as possible.} Nd6 (13... Nfd4 14. fxe5
Nxc2 15. Bg5+ Ke8 16. Rac1 $16) 14. Nc3 $1 {[%cal Gc3d5] The best decition.
Black N on d6 is not changing much,but white N on c3 will go to d5.} e4 {
[%cal Gf7f5] Trying to close the game.} 15. f5 $1 $18 {[%csl Re4][%cal Gb3c5]}
b6 16. Bf4 Nxf5 17. Nxe4 {Now black K is completly open and white pieces take
easily advantage of it.} Be7 18. g4 $1 {The quickest winning.Black looses at
least a pawn and his K will still stay under threats of white pieces.} Nh4 (
18... Nh6 $142 19. Bxh6 gxh6 20. Rxf7 Rg8 21. h3 h5 22. Rxh7 hxg4 23. Rd1+ Ke8
24. h4 Rd8 25. Rxd8+ Nxd8 26. Nd4 $18) 19. Bg3 Ke8 $6 (19... Ng6 20. Rxf7 $18)
20. Bxh4 Bxh4 21. Nd6+ Kf8 (21... Kd7 22. Rad1 {[%cal Gd6f5]} Kc7 23. Rxf7+ Be7
24. Nf5 $18) 22. Nxf7 1-0

[Event "Olympiad-34"]
[Site "Istanbul"]
[Date "2000.11.08"]
[Round "11.4"]
[White "Romanishin, Oleg M"]
[Black "Rublevsky, Sergei"]
[Result "0-1"]
[WhiteElo "2591"]
[BlackElo "2670"]
[Annotator "Rabinovich,Al"]
[PlyCount "80"]
[EventDate "2000.10.28"]
[EventType "team-swiss"]
[EventRounds "14"]
[EventCountry "TUR"]
[SourceTitle "EXT 2001"]
[Source "ChessBase"]
[SourceDate "2000.11.22"]
[SourceVersion "1"]
[SourceVersionDate "2000.11.22"]
[SourceQuality "1"]
[WhiteTeam "Ukraine"]
[BlackTeam "Russia"]
[WhiteTeamCountry "UKR"]
[BlackTeamCountry "RUS"]

1. Nf3 d5 2. d4 e6 3. g3 c5 4. Bg2 cxd4 5. O-O Nf6 6. Nxd4 e5 7. Nb3 (7. Nf3
Nc6 8. c4 d4 9. e3 Bc5 (9... Be7 10. exd4 exd4 11. Nbd2 Be6 12. a3 a5 13. b3
O-O 14. Bb2 Qd7 15. Re1 Rad8 16. Ng5 Bg4 17. Bf3 Bf5 18. Bg2 d3 $15 {1/2-1/2
Beliavsky,A-Rublevsky,S/Vrnjacka Banja 1999/EXT 2000 (56)}) 10. exd4 Bxd4 11.
Nxd4 Nxd4 12. Bg5 O-O 13. Nc3 h6 14. Bxf6 Qxf6 15. f4 Qb6 16. Rf2 Nc6 17. f5
Rd8 18. Nd5 Qc5 19. f6 $14 {1-0 Beliavsky,A-Rublevsky,S/Groningen 1997/CBM 63 
(51)}) 7... Be6 {Here White has 2 possible plans: c4 or e4.} 8. Nc3 (8. c4 Nc6
9. cxd5 (9. Nc3 $2 d4) 9... Bxd5 (9... Nxd5 10. Nc3 Nxc3 11. bxc3 Be7 12. Be3 {
White's activity compansates him for his pawn structure. For example:} O-O 13.
Nc5 Bxc5 14. Bxc5 Qxd1 15. Rfxd1 Rfd8 16. Rxd8+ Rxd8 17. Bxc6 bxc6 18. Bxa7 Ra8
19. Rd1 f6 $11) 10. Nc3 Bxg2 11. Kxg2 Be7 $11) (8. Bg5 Nbd7 9. e3 h6 10. Bxf6
Nxf6 11. Qe2 Be7 12. Nc3 Qc8 13. Rfd1 e4 14. Nd4 O-O 15. Nxe6 fxe6 16. Bh3 Qc6
$11 {0-1 Wojtkiewicz,A-Rublevsky,S/Frankfurt GER 2000/The Week in Chess 293 
(63)}) 8... Be7 {The simplest: Prevents the pin after Bg5 and prepares a short
castle.} 9. Bg5 {[%csl Rd5][%cal Gd1d5,Gc3d5,Gg2d5,Gg5f6]} Nbd7 10. e4 (10.
Nxd5 $4 Bxd5 11. Bxd5 Nxd5 12. Bxe7 Nxe7 $19) (10. Bxd5 $4 Bxd5 11. Nxd5 Nxd5
12. Bxe7 Nxe7 $19) 10... dxe4 (10... d4 $6 11. Ne2 O-O 12. c3 dxc3 13. Nxc3 $14
{[%cal Gc3d5]}) 11. Bxf6 $5 {White tries to get an advantage, but maybe he
should have chosen a more solid continuation:} (11. Nxe4 Nxe4 12. Bxe7 Qxe7 (
12... Nxf2 $2 13. Bxd8 Nxd1 14. Raxd1 Rxd8 15. Bxb7 {White's chances are
probably better. For example:} Bxb3 (15... Ke7 16. Na5 {[%cal Ga5c6]}) 16. axb3
Ke7 17. Ra1 Nc5 18. Bc6 a6 (18... Kd6 19. Bg2 Rd7 20. Rfd1+ {[%csl Ra7]}) 19.
b4) 13. Bxe4 Nf6 14. Bg2 O-O 15. Na5 Rad8 16. Qe2 Bd5 17. Rad1 Bxg2 18. Kxg2 {
The position is about equal.}) 11... Nxf6 12. Nxe4 (12. Qxd8+ $6 Rxd8 13. Nxe4
b6 {The endgame is probably good for Black, due to his pair of bishops.}) 12...
Qc7 {Prevents Nc5. Less efficient was:} (12... Nxe4 $6 13. Bxe4 Qc7 14. Qf3 Rb8
15. Rad1 O-O 16. c3 b6 17. Bd5) 13. Re1 $6 {A mere move. He should have
exchanged on f6.} (13. Nxf6+ Bxf6 14. c3 (14. Qf3 Rb8) 14... O-O 15. Qe2 Rad8
$15) 13... O-O 14. Qe2 {It looks like White's play is aimless. He should have
exchanged the knights and fight for the d-file.} (14. Nxf6+ Bxf6 15. c3 Rad8
16. Qf3 b6 17. Rad1 $15 {[%cal Ga7a5,Ga5a4]}) 14... Nd7 $1 $15 {White missed
the chance to exchange knights, and now Black will drive Ne4 off his place by
f7-f5.} 15. Rad1 Rac8 {[%csl Rc2]} 16. c3 Rfd8 {Black prepares his pieces for
f7-f5.} 17. Qe3 h6 {Avoids unnecessary complications after 17. - f5 18.Ng5} 18.
h4 (18. Qxa7 Ra8 19. Qe3 Rxa2 $17 {[%cal Ge6b3,Ga2b2]}) 18... a5 {The bad
position of Nb3 is also taken advantage of by Black.} 19. Qe2 a4 20. Nc1 (20.
Nbd2 $2 f5 $19) 20... f5 21. Nd2 Re8 22. Nf1 e4 {[%cal Gg2e4,Ge4b7,Gd7e5]} 23.
Qb5 Ra8 $1 {[%csl Rb5]} (23... a3 {might be good as well, but Black doesn't
have to get into such complications.}) 24. Qe2 (24. Ne3 Ra5 25. Qe2 Ne5 {
[%cal Ge6d5,Ga5d5] Black has a full control over the center. White's knight
have no good posts.}) 24... Ne5 25. Ne3 Bc5 26. Nd5 (26. Rd2 Bxe3 $1 27. fxe3 (
27. Qxe3 Nc4 $19) 27... Ng4 $19 {[%csl Rg3][%cal Gc7g3]}) 26... Qf7 27. Nf4 (
27. c4 Ng4 {[%cal Gg4f2,Gc5f2]} 28. Rf1 (28. Ne3 Bxe3 {Probably the simplest.}
29. fxe3 Qc7) 28... Rad8 $17 {[%csl Rc1,Rg2]}) (27. Ne3 f4 $1 28. gxf4 Qxf4 29.
Nd5 Bxd5 30. Rxd5 Nf3+ 31. Bxf3 exf3 32. Qxe8+ Rxe8 33. Rxe8+ Kf7 {[%cal Gf4g3]
} 34. Rxc5 Qxc1+ 35. Kh2 Kxe8 $19) 27... Bc4 28. Qc2 Ng4 {[%csl Rf2]} 29. Nh3
e3 $1 $19 {The rest requires no explanation.} 30. f3 e2+ 31. Rd4 Ne3 32. Qd2
Bxd4 33. cxd4 Rac8 34. Nd3 (34. Nxe2 Nxg2 35. Kxg2 Bxe2 36. Rxe2 Qxa2 $19)
34... Bxd3 35. Qxd3 Qxa2 36. Rxe2 Nxg2 37. Rxg2 Re1+ 38. Kh2 Qb1 {The simplest}
39. Qxb1 Rxb1 40. Nf4 Rbc1 0-1